| 000 | 01065nab a2200229 i 4500 | ||
|---|---|---|---|
| 001 | 768714001 | ||
| 003 | CO-MdFUSB | ||
| 005 | 20240717093035.0 | ||
| 008 | 240717t1971 ck ||||| |||| 00| 0 spa d | ||
| 040 |
_bspa _cCO-MdFUSB _dCO-MdFUSB |
||
| 041 | _aspa | ||
| 100 |
_aCárdenas, Eduardo, _eautor |
||
| 245 |
_aPerspectivas históricas del sacerdocio ministerial _c/ SJ Eduardo Cárdenas |
||
| 520 | _aLa intensidad de la vida de la Iglesia antigua es la consideración principal en estas reflexiones, y luego se utiliza la existencia cristiana como referencia válida para el clero, en ese tiempo, donde la iglesia cumplía su vocación en una nueva forma histórica. | ||
| 650 | 7 |
_aIglesia _9655 |
|
| 650 | 7 |
_aHermenéutica _9418 |
|
| 650 | 7 |
_aTeología dogmática _96937 |
|
| 650 | 7 |
_aClero -- _bActividad política _941 |
|
| 773 | 0 |
_070111 _982800 _dBogotá, Colombia : _oR2663 _tEcclesiastica Xaveriana _w(CO-MdFUSB)768714001 _gVolumen 21, (número 1, 1971) páginas: 28 - 48 _qpágina: 28 |
|
| 942 | _cANA | ||
| 945 | _aCatherine Arias Álvarez - Practicante SENA | ||
| 999 |
_c70497 _d70497 |
||